Linux for dummies

Previous editions of Linux For Dummies have garnered rave reviews. However, there’s one scary term applied to them—outdated! The 6th Edition remedies that with easy-to-understand information on the latest version of the most popular Linux distributions, including Fedora Core, SuSE, Mandrake, Xandros...

وصف كامل

محفوظ في:
التفاصيل البيبلوغرافية
المؤلف الرئيسي: Leblanc, Dee Ann
التنسيق: كتاب
اللغة:Undetermined
منشور في: New Jersey John Wiley and Sons 2005
الموضوعات:
الوسوم: إضافة وسم
لا توجد وسوم, كن أول من يضع وسما على هذه التسجيلة!
Thư viện lưu trữ: Trung tâm Học liệu Trường Đại học Cần Thơ
LEADER 01054nam a2200205Ia 4500
001 CTU_212992
008 210402s9999 xx 000 0 und d
082 |a 005.432 
082 |b L445 
100 |a Leblanc, Dee Ann 
245 0 |a Linux for dummies 
245 0 |c Dee Ann Leblanc 
260 |a New Jersey 
260 |b John Wiley and Sons 
260 |c 2005 
520 |a Previous editions of Linux For Dummies have garnered rave reviews. However, there’s one scary term applied to them—outdated! The 6th Edition remedies that with easy-to-understand information on the latest version of the most popular Linux distributions, including Fedora Core, SuSE, Mandrake, Xandros, Linspire, and Knoppix. This guide walks you though installing, configuring, tuning, and using each version of Linux, the low-cost, secure alternative to expensive operating systems. 
650 |a Operating systems (computers),Linux 
904 |i Qhieu 
910 |a Sách kèm theo đĩa có số AV.001312 
980 |a Trung tâm Học liệu Trường Đại học Cần Thơ